Chargement en cours...

A Dictionary Of The Social Sciences

Détails bibliographiques
Auteur principal: Reading, Hugo F
Format: Printed Book
Langue:Undetermined
Publié: London: Routledge And Kegan Paul, 1977
Sujets:
LEADER 00529nam a2200157Ia 4500
008 200110s9999||||xx |||||||||||||| ||und||
080 |a 300.03  |b REA-S 
100 |a Reading, Hugo F  
245 2 |a A Dictionary Of The Social Sciences 
260 |a London:  |b Routledge And Kegan Paul,   |c 1977 
300 |a 230 p.  |f PB 
500 |a Referance 
650 |a Social Sciences-- Dictionary  
942 |c REF 
999 |c 253290  |d 253290 
952 |0 0  |1 0  |4 0  |6 300_030000000000000_REAS  |7 0  |9 269215  |a SOC  |b SOC  |l 0  |o 300.03 REA-S  |p SOC3058  |r 2020-01-14  |w 2020-01-14  |y REF